| 000 | 00719 a2200265 4500 | ||
|---|---|---|---|
| 001 | 965 | ||
| 003 | Complexo Educacional Contemporaneo | ||
| 005 | 20230919125254.0 | ||
| 008 | 190612s2009 r por d | ||
| 020 | _a9788538004738 | ||
| 040 |
_aComplexo Educacional Contemporaneo _bpor |
||
| 080 | _a82-1 | ||
| 082 | _a82-1 | ||
| 090 |
_a82-1 A994l _bAP |
||
| 100 | _aAzevedo, Álvares de | ||
| 240 | 1 | 0 |
_aLira dos Vinte Anos _lPortuguês |
| 260 |
_aSão Paulo _bCiranda Cultural _c2009 |
||
| 300 | _a197p. | ||
| 362 | 0 | _a(2009) | |
| 440 | 1 | _aClassicos da Literatura | |
| 650 | 4 | _aLiteratura Brasileira | |
| 650 | 4 | _aPoesia | |
| 245 | 1 | 0 | _aLira dos Vinte Anos |
| 999 |
_c965 _d965 |
||